01044nam a22002057a 450000500170000000800410001702000150005804000070007304100080008008200210008810000190010924500580012826000490018630000280023536500240026352004940028765000190078165000170080070000210081720220127090117.0220127b ||||| |||| 00| 0 eng d a8174361448 cAL aeng 223a954.03bHASJ aMushirul Hasan aJohn Company To The Republic: A Story of Modern India aNew DelhibLotus Collection Roli Booksc2001 ax,368 p.bHBc22x14 cm. b395.00c₹d395.00 aAbandoning traditional forms, this narrative surveys the history of modern India through the sensitive eyes of three protagonists - Aziz, Pradip and Jagmohan. Professor Hasan brings to life, in all their complexity, the histories of colonial rule, Independence and Partition. Focusing largely on the years 1857 to 1947, he provides a series of dialogues, interspersed with Urdu couplets, that will engage the reader and give them an independent and eclectic viewpoint on a familiar story.  aIndian History aModern India aHASAN (Mushirul)